<?xml version="1.0" encoding="UTF-8"?>
<record
    xmlns:xsi="http://www.w3.org/2001/XMLSchema-instance"
    xsi:schemaLocation="http://www.loc.gov/MARC21/slim http://www.loc.gov/standards/marcxml/schema/MARC21slim.xsd"
    xmlns="http://www.loc.gov/MARC21/slim">

  <leader>02048nam a22002057a 4500</leader>
  <controlfield tag="003">IT-MiCISF</controlfield>
  <controlfield tag="005">20250911150242.0</controlfield>
  <controlfield tag="008">250911b        |||||||| |||| 00| 0 eng d</controlfield>
  <datafield tag="020" ind1=" " ind2=" ">
    <subfield code="a">9788845426797</subfield>
  </datafield>
  <datafield tag="040" ind1=" " ind2=" ">
    <subfield code="c">IT-MiCISF</subfield>
  </datafield>
  <datafield tag="100" ind1=" " ind2=" ">
    <subfield code="a">Teodonio Valeria</subfield>
    <subfield code="9">62594</subfield>
  </datafield>
  <datafield tag="245" ind1=" " ind2=" ">
    <subfield code="a">Piano B.</subfield>
    <subfield code="b">Cambiare vita &#xE8; possibile</subfield>
  </datafield>
  <datafield tag="260" ind1=" " ind2=" ">
    <subfield code="a">Venezia, </subfield>
    <subfield code="b">Sonzogno di Marsilio, </subfield>
    <subfield code="c">2024</subfield>
  </datafield>
  <datafield tag="300" ind1=" " ind2=" ">
    <subfield code="a">pp. 175</subfield>
  </datafield>
  <datafield tag="500" ind1=" " ind2=" ">
    <subfield code="a">societ&#xE0;, lavoro, cambiamento, pandemia, qualit&#xE0;-della-vita</subfield>
  </datafield>
  <datafield tag="520" ind1=" " ind2=" ">
    <subfield code="a">&#xAB;Non ne posso pi&#xF9;, voglio cambiare vita.&#xBB; Una frase che abbiamo sentito spesso negli ultimi anni, e che racchiude l&#x2019;insoddisfazione verso un mondo del lavoro in cui abbiamo smesso di rispecchiarci. &#xC8; quello che &#xE8; successo a Valentina, che ha abbandonato la carriera da manager per diventare maestra elementare. Ed &#xE8; anche il motivo che ha spinto Elio a rinunciare al marketing per dedicarsi alla ceramica, Maurizio a lasciare una multinazionale per aprire un forno, Francesca a dire addio al posto fisso per reinventarsi come professional organizer. Insomma, se un tempo il Piano B era spesso solo un sogno, dopo la pandemia per molti &#xE8; diventato una tentazione forte, e per alcuni una realt&#xE0;. A raccontarla per la prima volta in tutte le sue sfumature e la sua complessit&#xE0; &#xE8; la giornalista Valeria Teodonio, che in questo libro &#x2013; attraverso interviste a sociologi, psicologi, esperti del settore e decine di persone che hanno avuto il coraggio di buttarsi &#x2013; presenta una riflessione concreta sul &#xAB;fenomeno Piano B&#xBB;: pagina dopo pagina porta avanti un&#x2019;indagine pratica su come, dove e perch&#xE9; si decide di fare il grande salto. Illustra gli errori da evitare e i passi da seguire per lasciare la comfort zone, analizzando le cause e le conseguenze del cambio vita. Una riflessione che svela da cosa nasce questa esigenza e quali sono le regole e gli errori da evitare per arrivare a riappropriarsi di quella dimensione pi&#xF9; serena e umana che tanti chiamano &#xAB;felicit&#xE0;&#xBB;.</subfield>
  </datafield>
  <datafield tag="650" ind1=" " ind2=" ">
    <subfield code="a">Societ&#xE0;</subfield>
  </datafield>
  <datafield tag="654" ind1=" " ind2=" ">
    <subfield code="a">saggio</subfield>
  </datafield>
  <datafield tag="942" ind1=" " ind2=" ">
    <subfield code="2">ddc</subfield>
    <subfield code="c">BK</subfield>
  </datafield>
  <datafield tag="999" ind1=" " ind2=" ">
    <subfield code="c">360611</subfield>
    <subfield code="d">360611</subfield>
  </datafield>
  <datafield tag="952" ind1=" " ind2=" ">
    <subfield code="0">0</subfield>
    <subfield code="1">0</subfield>
    <subfield code="2">ddc</subfield>
    <subfield code="4">0</subfield>
    <subfield code="6">B_7883_000000000000000</subfield>
    <subfield code="7">1</subfield>
    <subfield code="a">CISF</subfield>
    <subfield code="b">CISF</subfield>
    <subfield code="d">2025-09-11</subfield>
    <subfield code="l">0</subfield>
    <subfield code="o">B7883</subfield>
    <subfield code="p">9788845426797</subfield>
    <subfield code="r">2025-09-11 15:03:36</subfield>
    <subfield code="w">2025-09-11</subfield>
    <subfield code="y">BK</subfield>
  </datafield>
</record>
